| 000 | 01613nam0a2200325 i 4500 | ||
|---|---|---|---|
| 001 | RU\NLR\BIBL_A\011130111 | ||
| 005 | 20260405135452.0 | ||
| 010 |
_a9785949140505 _9500 |
||
| 021 |
_aRU _b2016-36635 _92353 |
||
| 035 | _a(NLR Aleph) 011130111 | ||
| 090 |
_a11563326 _c11563326 |
||
| 100 | _a20160517d2013 km y0rusy50 ca | ||
| 101 | 0 | _arus | |
| 102 | _aRU | ||
| 105 | _aa|||z|||000yy | ||
| 200 | 1 |
_aПроблемы развития энергетической инфраструктуры в регионах с высокой стоимостью энергоресурсов _eмонография _fГ.П. Беляков, С.И. Борталевич, Ю.В. Ерыгин |
|
| 210 |
_aМосква _cМПА-Пресс _cжурнал "Экономика и право" _d2013 |
||
| 215 |
_a272 с. _cил. _d21 |
||
| 320 | _aБиблиогр.: с. 254-269 (228 назв.) | ||
| 606 | 1 |
_aЭнергетическая безопасность _yРоссийская Федерация _92169708 _3RU\NLR\AUTH\661305249 |
|
| 606 | 1 |
_aТопливно-энергетические комплексы _yРоссийская Федерация _92078670 _3RU\NLR\AUTH\661254532 |
|
| 686 | 1 | _aУ9(2)-554(2Р) | |
| 686 | 1 | _aУ30(2)565.1-434(2Р) | |
| 700 | 1 |
_7ca _8rus _aБеляков _bГ. П. _f1943- _gГеннадий Павлович _938805 _3RU\NLR\AUTH\7755873 |
|
| 701 | 1 |
_aБорталевич _bС. И. _gСветлана Ивановна |
|
| 702 | 1 |
_aЕрыгин _bЮ. В. _gЮрий Владимирович |
|
| 942 | _cBOOK | ||
| 980 | _aNBR | ||